3 films - 1 actrice - Statistiques

Statistiques générales
  • Ce quiz a été pris 2 730 fois
  • Le résultat moyen est 10 sur 16
Statistiques - réponses
Hint Réponse % Correct
Les Filles du docteur March / La Belle et la Bête / Harry Potter Emma Watson
89%
Maléfique / Mr. et Mrs. Smith / Lara Croft: Tomb Raider Angelina Jolie
86%
The Suicide Squad / Once Upon a Time... in Hollywood / Tarzan Margot Robbie
83%
Hunger Games / American Bluff / X-Men : Le Commencement Jennifer Lawrence
81%
Coup de foudre à Notting Hill / Ocean's Twelve / Pretty Woman Julia Roberts
80%
Black Widow / Lucy / Ce que pensent les hommes Scarlette Johansson
80%
Cruella / La La Land / Bienvenue à Zombieland Emma Stone
78%
Interstellar / Ocean's 8 / Le Nouveau Stagiaire Anne Hathaway
64%
The Mask / Allumeuses ! / Bad Teacher Cameron Diaz
60%
Ninja Turtles / 40 ans : Mode d'emploi / Transformers Megan Fox
57%
Les Miller, une famille en herbe / Comment tuer son boss ? / Marley et moi Jennifer Aniston
55%
Avengers : Endgame / V pour Vendetta / Zoolander Natalie Portman
46%
Bad Moms / Jupiter : Le Destin de l'univers / Ted Mila Kunis
45%
Catwoman / Dangereuse Séduction / Kings Halle Berry
42%
Big Mamma 2 / Amityville / Kick-Ass Chloe Grace Moretz
41%
Marions-nous ! / Bébé mode d'emploi / Mortelle Saint-Valentin Katherine Heigl
35%
Aucun quiz correspondant
Distribution des résultats
% des personnes avec chaque résultat
Percentile par nombre de réponses
Votre historique - résultats
Vous n’avez pas pris ce quiz